Red Star Over India: (Record no. 211331)

MARC details
000 -LEADER
fixed length control field 00567nam a22001937a 4500
005 - DATE AND TIME OF LATEST TRANSACTION
control field 20250519121822.0
010 ## - LCCN (DPL NO)
LC control number ENG-144968
020 ## - INTERNATIONAL STANDARD BOOK NUMBER
Terms of availability 295.00
International Standard Book Number 9789380677200
035 ## - SYSTEM CONTROL NUMBER
System control number EN-128500
037 ## - SOURCE OF ACQUISITION
Source of stock number/acquisition DBAD
082 ## - DEWEY DECIMAL CLASSIFICATION NUMBER
Classification number 320.4
100 ## - MAIN ENTRY--PERSONAL NAME
Personal name Myrdal, Jan
245 ## - TITLE STATEMENT
Title Red Star Over India:
Remainder of title As The Wretched Of The Earth Are Rising/
Statement of responsibility, etc Jan Myrdal
250 ## - EDITION STATEMENT
Edition statement 1
260 ## - PUBLICATION, DISTRIBUTION, ETC. (IMPRINT)
Place of publication, distribution, etc India
Name of publisher, distributor, etc Archana Das & Subrata Das
Date of publication, distribution, etc 2012
270 ## - ADDRESS
Address 12/A, Shankar Ghosh Lane, Kol-6
City India
300 ## - PHYSICAL DESCRIPTION
Extent 224p.
Dimensions 22cm(pb)
942 ## - ADDED ENTRY ELEMENTS (KOHA)
Source of classification or shelving scheme Dewey Decimal Classification
Item type English Books
Call number suffix MYR
Classification part 320.4
Holdings
Withdrawn status Lost status Not for loan Collection code Home library Current library Date acquired Source of acquisition Cost, normal purchase price Full call number Barcode Copy number Cost, replacement price Koha item type
      Non-fiction Ashok Vihar Ashok Vihar 19/05/2025 Delivery of Books Act Division 295.00 MYR 320.4 EN-128500 1 295.00 English Books

© Delhi Public Library
Hit Counter
free hit counter